Pružnosť a pevnosť I

Na minha lista:
Detalhes bibliográficos
Autor principal: Lovíšek, Ján, 1935- (Author)
Formato: Livro
Idioma:eslovaco
Publicado em: Bratislava : SVŠT v Bratislave, 1987
Tags: Adicionar Tag
Sem tags, seja o primeiro a adicionar uma tag!

MARC

LEADER 00000nam a22000003a 4500
001 stu29964
005 20180502074205.4
008 951115s1987----xo------------------slo-d
040 |a STU  |b slo 
041 0 |a slo 
044 |a xo 
080 |a 539.3/.4(075.8) 
100 1 |a Lovíšek, Ján,  |d 1935-  |4 aut  |u V250  |U SvF Stavebná fakulta  |T SvF Katedra stavebnej mechaniky  |X 805  |U V250  |Y 26  |7 A000000805 
245 1 |a Pružnosť a pevnosť I 
260 |a Bratislava :  |b SVŠT v Bratislave,  |c 1987 
300 |a 262 s 
996 |b 284V003200  |c V*29441/S-88  |l VVS  |s A  |a 24  |w stu29964_0002 
996 |b 284V029725  |c V*34024/O-13991  |l VVT  |s A  |a 24  |w stu29964_0003 
996 |b 284V040904  |c V* 43694/S-18  |l VVS  |s A  |a 24  |w stu29964_0004